| 000 -LEADER |
| fixed length control field |
00978nam a2200229Ia 4500 |
| 001 - CONTROL NUMBER |
| control field |
15261 |
| 003 - CONTROL NUMBER IDENTIFIER |
| control field |
GE_BSU |
| 008 - FIXED-LENGTH DATA ELEMENTS--GENERAL INFORMATION |
| fixed length control field |
181216s||||||||xx |||||||||||||| ||und|| |
| 040 ## - CATALOGING SOURCE |
| Transcribing agency |
GE_BSU |
| 080 ## - UNIVERSAL DECIMAL CLASSIFICATION NUMBER |
| Universal Decimal Classification number |
821.353.1-32+821.353.1’01 |
| 245 ## - TITLE STATEMENT |
| Title |
ჩვენი საუნჯე:ქართული მწერლობა ოც ტომად. ტ.1: ძველი მწერლობა |
| 245 ## - TITLE STATEMENT |
| Statement of responsibility, etc. |
ტომი გამოსაც. მოამზადა სოლ.ყუბანეიშვილმა რედ.კ.კეკელიძე. მხატვ.ლ.გრიგოლია |
| 260 ## - PUBLICATION, DISTRIBUTION, ETC. |
| Place of publication, distribution, etc. |
თბილისი |
| 260 ## - PUBLICATION, DISTRIBUTION, ETC. |
| Name of publisher, distributor, etc. |
ნაკადული |
| 260 ## - PUBLICATION, DISTRIBUTION, ETC. |
| Date of publication, distribution, etc. |
1960 |
| 300 ## - PHYSICAL DESCRIPTION |
| Extent |
620გვ.23სმ. |
| 300 ## - PHYSICAL DESCRIPTION |
| Dimensions |
ლექსიკონი გვ.564-616 |
| 300 ## - PHYSICAL DESCRIPTION |
| Accompanying material |
შენიშვნები გვ.551-564 |
| 653 ## - INDEX TERM--UNCONTROLLED |
| Uncontrolled term |
ჩვენი საუნჯე |
| 653 ## - INDEX TERM--UNCONTROLLED |
| Uncontrolled term |
ძველი მწერლობა |
| 942 ## - ADDED ENTRY ELEMENTS (KOHA) |
| Koha item type |
წიგნი |